| 000 | 00357 a2200145 4500 | ||
|---|---|---|---|
| 999 |
_c5116 _d5116 |
||
| 020 | _a0869224549 | ||
| 050 | _aPL8842 NDL 1995 | ||
| 100 |
_aNdlovu, T.P _eAuthor |
||
| 245 |
_aUchithwa ngowakho / _cT. P. Ndlovu |
||
| 264 |
_aGweru: _bMambo Press, _c1995 |
||
| 300 | _a78p. : | ||
| 500 | _aNdebele novel | ||
| 650 | _aNdebele | ||
| 942 |
_2lcc _cBK _h8842 _iNDL _kPL |
||